00440nam a2200157 a 45000010005000000030009000050080041000140400028000550820013000831000045000962450021001412600030001623000010001924900025002026500055002275245CO-ViMGA141112s2004 ck r 000 u spa d aCO-ViMGAbspacCO-ViMGA04a928 Q8381 aGómez de Quevedo y Villegas, Francisco10aQuevedo esencial aMadrid : bTaurus, c1990 a750 p aEsenciales taurus, 214aGOMEZ DE QUEVEDO Y VILLEGAS FRANCISCO; 1580 - 1645